00696nam a2200229 a 450000100060000000300080000600500170001400800410003103500190007204000420009104100080013308200240014110000260016524500370019125000120022826000610024030000290030150400510033065000130038170000380039470000340043257040BD-RjUL20211209080449.0161205r19901962enk b 101 0 eng  a(BD-RjUL)57164 aOFEbengcOFEdIXAdBD-RjULdOCLdDLC aeng 223a294.3bHUB 1990 a Humphreys, Christmas00a Buddhism /cChristmas Humphreys a3rd ed. aRichmond, Surrey :bPenguin book,c1962 [Reprinted 1990] axxxvii, 329 p. ;c24 cm. aIncludes bibliographical references and index. 0aBuddhism1 aWilliams, Duncan Ryūken,d1969-1 aQueen, Christopher S.,d1945-